| 000 | 00503nam a22001697a 4500 | ||
|---|---|---|---|
| 999 |
_c24838 _d24838 |
||
| 003 | NUST | ||
| 038 | _aNusrat Nadeem | ||
| 040 | _cRCMS | ||
| 082 | _a004.12 | ||
| 100 |
_a Ali Hassan Hammad _923557 |
||
| 245 |
_aMS/Thesis: Quantum Chemical Studies for the Mechanism of Phosphate Monoester Hydrolysis _cHammad Ali Hassan |
||
| 260 |
_aIslamabad _bNUST RCMS _cc2016 |
||
| 300 |
_a58,p _bill: _c25,cm. |
||
| 538 | _iShelf No 7 Row No 3 | ||
| 700 | _4Dr. Farooq Ahmad Kiani(Supervisor) | ||
| 942 |
_2ddc _cTHE |
||